01310nam a22001217a 4500008004100000100004100041245019400082260003300276300003200309520071900341650009701060773003101157210720b ||||| |||| 00| 0 eng d aMuller, Michal and Jedlickova, Lenka aSeveral notes on the existential hermeneutic phenomenology for project management and possibilities of its extension by other existential concepts: Case study from the research project team aProject Management Journal  a51(4), Aug, 2020: p.452-463 aIn this article, we follow up the approach of employing existential hermeneutic phenomenology (EHP) (Rolfe et al., 2016) published in Project Management Journal® and we show that this innovative method, useful in managerial self-development, represents an important tool for learning not only in the private sector, but also in public research projects where managerial skills are required. In this article, we propose an extended EHP framework that includes the original ideas of phenomenologists Fink and Patočka. We present the results of our interpretative phenomenological analysis study, where issues of communication and interpersonal relationships emerge as key problems in project work. – Reproduced  aExistential perspective, Lived managerial experience, Qualitative research, Self-development aProject Management Journal